[Event "Kurz-Open"]
[Site "Buchen"]
[Date "2017.09.09"]
[Round "3.20"]
[White "Ensslinger, Colin"]
[Black "Kolb, Klaus"]
[Result "1-0"]
[WhiteElo "1493"]
[BlackElo "1154"]
[PlyCount "63"]
[EventDate "2017.??.??"]

1. e4 e5 2. Nf3 Nc6 3. Bc4 d6 4. c3 Bg4 5. d4 Nf6 6. Bg5 Be7 7. d5 Na5 8. Qa4+
Nd7 9. Bxe7 Qxe7 10. Qxa5 b6 11. Qa4 O-O 12. Nbd2 Nc5 13. Qc2 a6 14. Be2 f5 15.
b4 Nd7 16. Bd3 f4 17. h3 Bh5 18. Nb3 Bxf3 19. gxf3 Nf6 20. Rg1 h6 21. O-O-O Nh7
22. Be2 Qd7 23. h4 Rf7 24. Nd2 c6 25. dxc6 Qxc6 26. Bc4 Rc8 27. Bxf7+ Kxf7 28.
Qb3+ Kf6 29. Kb2 Nf8 30. Rg2 Ne6 31. Rdg1 Qc7 32. Rg6+ 1-0

[Event "Kurz-Open"]
[Site "Buchen"]
[Date "2017.09.09"]
[Round "3.21"]
[White "Kail, Oliver"]
[Black "Roegner, Lars"]
[Result "1/2-1/2"]
[WhiteElo "1445"]
[BlackElo "1152"]
[PlyCount "79"]
[EventDate "2017.??.??"]

1. e4 e5 2. Nf3 Nc6 3. Nc3 Nf6 4. d4 exd4 5. Nxd4 Nxd4 6. Qxd4 b6 7. Bg5 Be7 8.
O-O-O h6 9. Bh4 c5 10. Qd3 O-O 11. f3 d6 12. e5 dxe5 13. Qxd8 Rxd8 14. Rxd8+
Bxd8 15. Bb5 Be6 16. Re1 Nd5 17. Bc6 Bxh4 18. Bxa8 Bxe1 19. Bxd5 Bxc3 20. Bxe6
Bxb2+ 21. Kxb2 fxe6 22. Kb3 b5 23. c4 a6 24. cxb5 axb5 25. a4 bxa4+ 26. Kxa4
Kf7 27. Kb5 Kf6 28. Kxc5 Kf5 29. Kd6 g5 30. g3 h5 31. h4 gxh4 32. gxh4 Kf4 33.
Kxe6 Kxf3 34. Kxe5 Kg4 35. Ke4 Kxh4 36. Kf4 Kh3 37. Kf3 Kh2 38. Kf2 h4 39. Kf1
h3 40. Kf2 1/2-1/2

[Event "Kurz-Open"]
[Site "Buchen"]
[Date "2017.09.09"]
[Round "3.22"]
[White "Erhardt, Kristian"]
[Black "Erhardt, Daniel"]
[Result "1-0"]
[WhiteElo "1647"]
[BlackElo "990"]
[PlyCount "51"]
[EventDate "2017.??.??"]

1. e4 e5 2. Nf3 Nc6 3. Bb5 a6 4. Ba4 Nf6 5. d3 b5 6. Bb3 d6 7. c3 Be7 8. O-O
O-O 9. Nbd2 Re8 10. Re1 Bf8 11. Nf1 g6 12. Bc2 Bg7 13. d4 Bb7 14. dxe5 Nxe5 15.
Nxe5 Rxe5 16. Ng3 Qe8 17. f3 d5 18. Bf4 Re7 19. exd5 Bxd5 20. Bg5 Rd8 21. Rxe7
Qxe7 22. Qe1 Qc5+ 23. Qf2 Qxf2+ 24. Kxf2 Re8 25. Rd1 Bxa2 26. b3 1-0

[Event "Kurz-Open"]
[Site "Buchen"]
[Date "2017.09.10"]
[Round "4.1"]
[White "Gschnitzer, Adrian"]
[Black "Hacker, Jonas"]
[Result "1/2-1/2"]
[WhiteElo "2351"]
[BlackElo "2276"]
[Annotator "RS"]
[PlyCount "75"]
[EventDate "2017.??.??"]

1. e4 e5 2. Nf3 Nc6 3. Bc4 Nf6 4. d3 Bc5 5. c3 a6 6. Nbd2 d6 7. Bb3 Ba7 8. Nf1
h6 9. Ng3 Ne7 10. O-O Ng6 11. h3 c6 {Remisangebot.} 12. Nh2 d5 13. Nh5 Nxh5 14.
Qxh5 dxe4 15. dxe4 Qh4 16. Qxh4 Nxh4 17. g3 Ng6 18. Kg2 Ke7 19. f4 exf4 20.
gxf4 f5 21. e5 Be6 22. Kf3 Rad8 23. Ke2 Rd7 24. Rd1 Rxd1 25. Kxd1 Bf2 26. Nf1
Bxb3+ 27. axb3 Rd8+ 28. Ke2 Bb6 29. Be3 Bxe3 30. Kxe3 Ke6 31. Ng3 Nh4 32. Ne2
g5 33. Nd4+ Kf7 34. Rg1 Rd5 35. fxg5 Rxe5+ 36. Kf2 hxg5 37. Rxg5 c5 38. Nf3
1/2-1/2

[Event "Kurz-Open"]
[Site "Buchen"]
[Date "2017.09.10"]
[Round "4.2"]
[White "Feldmann, Johannes"]
[Black "Junesch, Gerhard"]
[Result "1/2-1/2"]
[WhiteElo "2208"]
[BlackElo "2289"]
[PlyCount "72"]
[EventDate "2017.??.??"]

1. d4 Nf6 2. c4 e6 3. Nc3 Bb4 4. e3 O-O 5. Bd3 c5 6. Nf3 d5 7. O-O cxd4 8. exd4
dxc4 9. Bxc4 b6 10. Qe2 Bb7 11. Rd1 Nd5 12. Bg5 Qe8 13. Nxd5 exd5 14. Qxe8 Rxe8
15. Bb5 Bc6 16. Bd3 Bd6 17. Rdc1 f6 18. Bh4 Bd7 19. Bg3 Bxg3 20. hxg3 Nc6 21.
Rc3 Nb4 22. Bf1 Rec8 23. Rxc8+ Rxc8 24. a3 Nc6 25. Ba6 Rc7 26. Rc1 Be8 27. Bb5
Kf7 28. Nd2 Ke6 29. Nf1 Kd6 30. Ne3 Bg6 31. Bxc6 Rxc6 32. Rxc6+ Kxc6 33. f3 h5
34. Kf2 Bb1 35. Ke2 Kd6 36. Kd2 Bh7 1/2-1/2

[Event "Kurz-Open"]
[Site "Buchen"]
[Date "2017.09.10"]
[Round "4.3"]
[White "Rosenberger, Frank"]
[Black "Hermann, Tobias"]
[Result "1-0"]
[WhiteElo "2110"]
[BlackElo "1933"]
[PlyCount "61"]
[EventDate "2017.??.??"]

1. e4 e5 2. Nf3 Nc6 3. d4 exd4 4. Nxd4 Nf6 5. Nxc6 bxc6 6. e5 Qe7 7. Qe2 Nd5 8.
c4 Ba6 9. b3 Qh4 10. a3 Bc5 11. g3 Bxf2+ 12. Qxf2 Qe4+ 13. Kd1 Qxh1 14. Nd2
Nc3+ 15. Kc2 Ne4 16. Nxe4 Qxe4+ 17. Bd3 Qg4 18. Bf5 Qh5 19. h4 f6 20. exf6 O-O
21. g4 Qe8 22. Bb2 g6 23. Re1 Qd8 24. Bd3 Rf7 25. h5 gxh5 26. gxh5 d5 27. Rg1+
Kh8 28. Rg7 Qd7 29. Bf5 Qe8 30. Rxh7+ Rxh7 31. f7+ 1-0

[Event "Kurz-Open"]
[Site "Buchen"]
[Date "2017.09.10"]
[Round "4.4"]
[White "Engel, Berthold"]
[Black "Zilberman, Polina"]
[Result "1/2-1/2"]
[WhiteElo "2177"]
[BlackElo "2149"]
[PlyCount "82"]
[EventDate "2017.??.??"]

1. c4 e5 2. g3 Nc6 3. Bg2 f5 4. Nc3 Nf6 5. e3 g6 6. Nge2 Bg7 7. b3 d6 8. Bb2
O-O 9. O-O h6 10. Nd5 Ne7 11. Nxf6+ Bxf6 12. d4 e4 13. Qc2 c6 14. Rac1 Bd7 15.
Qd2 g5 16. Ba3 Qc7 17. f4 g4 18. Qb4 Nc8 19. Kf2 h5 20. Rh1 a5 21. Qd2 Ne7 22.
h3 Kg7 23. Bb2 Qd8 24. hxg4 hxg4 25. Nc3 Ng8 26. Rh2 Be8 27. Rch1 Bg6 28. a4
Qe8 29. Ba3 Be7 30. Qd1 Nf6 31. d5 c5 32. Bb2 Qd7 33. Qa1 Rg8 34. Nb5 b6 35.
Rh6 Kf7 36. Qg1 Rg7 37. Bf1 Rc8 38. Be2 Ra8 39. Rh8 Rag8 40. Rxg8 Kxg8 41. Rh2
Bf8 1/2-1/2

[Event "Kurz-Open"]
[Site "Buchen"]
[Date "2017.09.10"]
[Round "4.5"]
[White "Wambach, Juergen"]
[Black "Adocchio, Giampiero"]
[Result "0-1"]
[WhiteElo "1948"]
[BlackElo "2143"]
[PlyCount "76"]
[EventDate "2017.??.??"]

1. c4 Nf6 2. g3 e6 3. Bg2 c5 4. Nf3 Be7 5. O-O O-O 6. d3 d5 7. b3 Nc6 8. Bb2 d4
9. e3 e5 10. h3 h6 11. Qe2 Qc7 12. Nbd2 Bf5 13. e4 Be6 14. Ne1 Bd6 15. Nc2 a6
16. Nf3 Nh7 17. Bc1 Qd7 18. Kh2 f5 19. exf5 Bxf5 20. Nd2 Nf6 21. Ne4 Nxe4 22.
dxe4 Be6 23. Bd2 Bc7 24. Ne1 b5 25. Nd3 Qe7 26. Rac1 bxc4 27. bxc4 Rab8 28. f4
Kh8 29. Bf3 Bg8 30. Bh5 Bh7 31. f5 Ba5 32. f6 Rxf6 33. Rxf6 Qxf6 34. Rf1 Qd6
35. Bc1 Nb4 36. Nxe5 Qxe5 37. Bf4 d3 38. Qd1 Qb2+ 0-1

[Event "Kurz-Open"]
[Site "Buchen"]
[Date "2017.09.10"]
[Round "4.6"]
[White "Schallner, Marc"]
[Black "Link, Klaus"]
[Result "1-0"]
[WhiteElo "1938"]
[BlackElo "1998"]
[Annotator "RS"]
[PlyCount "79"]
[EventDate "2017.??.??"]

1. e4 c5 2. Nf3 Nc6 3. d4 cxd4 4. Nxd4 Nf6 5. Nc3 d6 6. f3 g6 7. Be3 Bg7 8. Qd2
O-O 9. Bc4 Ne5 10. Bb3 a6 11. O-O-O Bd7 12. h4 h5 13. Bh6 b5 14. Bxg7 Kxg7 15.
Nd5 a5 16. Nxf6 exf6 17. f4 Ng4 18. f5 Re8 19. Rhe1 Qb6 20. Qf4 {Remisangebot.}
a4 21. Bd5 Rac8 22. Kb1 b4 23. Qf3 Rc5 24. Qf1 a3 25. fxg6 fxg6 26. Qg1 Kh7 27.
Nb3 Rb5 28. Qxb6 {Remisangebot.} Rxb6 29. Na5 f5 30. Nc4 Ra6 31. exf5 Rxe1 32.
Rxe1 Bxf5 33. Re7+ Kh6 34. Rb7 Nf6 {Remisangebot.} 35. Bf3 d5 36. Ne5 Re6 37.
Nf7+ Kg7 38. Ng5+ Kh6 39. Nxe6 Bxe6 40. Rb6 1-0

[Event "Kurz-Open"]
[Site "Buchen"]
[Date "2017.09.10"]
[Round "4.7"]
[White "Simon, Jonathan"]
[Black "Blank, Stefan"]
[Result "1-0"]
[WhiteElo "1973"]
[BlackElo "1882"]
[PlyCount "61"]
[EventDate "2017.??.??"]

1. Nf3 Nf6 2. c4 g6 3. b3 Bg7 4. Bb2 O-O 5. g3 d6 6. Bg2 c6 7. O-O Qc7 8. Re1
Nbd7 9. d4 a6 10. e4 e5 11. Nc3 b5 12. cxb5 axb5 13. Qc2 Qb6 14. Rad1 Bb7 15.
h3 Rfc8 16. Qb1 Nh5 17. dxe5 Nxe5 18. Rxd6 Qc5 19. Nxe5 Bxe5 20. Rd7 Bxg3 21.
Re3 Bc7 22. Rf3 f6 23. e5 Qxe5 24. Ne4 Qh2+ 25. Kf1 Rf8 26. Nxf6+ Nxf6 27. Bxf6
Rxf6 28. Rxf6 Bc8 29. Rxg6+ Kh8 30. Rg8+ Kxg8 31. Qxh7+ 1-0

[Event "Kurz-Open"]
[Site "Buchen"]
[Date "2017.09.10"]
[Round "4.8"]
[White "Nettelbeck, Jann"]
[Black "Link, Robert"]
[Result "0-1"]
[WhiteElo "1815"]
[BlackElo "1957"]
[PlyCount "92"]
[EventDate "2017.??.??"]

1. Nf3 Nf6 2. g3 b6 3. Bg2 Bb7 4. d4 e6 5. O-O c5 6. c4 Be7 7. Nc3 d6 8. d5
exd5 9. cxd5 O-O 10. e4 b5 11. Nd2 b4 12. Ne2 Nbd7 13. Nc4 Ba6 14. b3 Bxc4 15.
bxc4 Nb6 16. Qc2 Nfd7 17. Bf4 Bf6 18. Bxd6 Bxa1 19. Bxf8 Be5 20. f4 Qxf8 21.
fxe5 Nxe5 22. Nc1 Nbxc4 23. Qe2 Qd6 24. Nd3 Nxd3 25. Qxd3 Ne5 26. Qb5 a6 27.
Qb7 Rb8 28. Qa7 c4 29. Rb1 c3 30. Bf1 Qb6+ 31. Qxb6 Rxb6 32. Kf2 Kf8 33. Be2 a5
34. Ke3 Ke7 35. Kd4 Kd6 36. Bd1 Rb7 37. Rc1 Rc7 38. a4 Rc4+ 39. Ke3 Kc5 40. Be2
Rd4 41. Rd1 c2 42. Rc1 b3 43. h3 Nc4+ 44. Bxc4 Rxc4 45. Kd3 b2 46. Rxc2 b1=Q
0-1

[Event "Kurz-Open"]
[Site "Buchen"]
[Date "2017.09.10"]
[Round "4.9"]
[White "Koelle, Tobias"]
[Black "Pepi, Lucas"]
[Result "1-0"]
[WhiteElo "1953"]
[BlackElo "1874"]
[PlyCount "43"]
[EventDate "2017.??.??"]

1. d4 Nf6 2. c4 e5 3. dxe5 Ng4 4. Nf3 Bc5 5. e3 Nc6 6. a3 a5 7. Be2 O-O 8. O-O
Re8 9. b3 Ngxe5 10. Bb2 Nxf3+ 11. Bxf3 Ne5 12. Nc3 Ra6 13. Ne4 Bf8 14. Ng3 Rh6
15. Bxe5 Rxe5 16. Qd4 Bd6 17. Bd5 Qe7 18. f4 Rxd5 19. cxd5 Qh4 20. Nf5 Qxh2+
21. Kf2 Rg6 22. Qe4 1-0

[Event "Kurz-Open"]
[Site "Buchen"]
[Date "2017.09.10"]
[Round "4.10"]
[White "Reinhardt, Bernd"]
[Black "Dosch, Steffen"]
[Result "1-0"]
[WhiteElo "2199"]
[BlackElo "1824"]
[PlyCount "43"]
[EventDate "2017.??.??"]

1. c4 c5 2. Nc3 Nf6 3. e4 Nc6 4. g3 g6 5. Bg2 Bg7 6. Nge2 O-O 7. O-O d6 8. h3
h6 9. d3 Kh7 10. Be3 e5 11. f4 Nd4 12. Rf2 Nh5 13. f5 gxf5 14. exf5 Nxf5 15.
Be4 Bf6 16. Bxf5+ Bxf5 17. Rxf5 Ng7 18. Rf3 Bg5 19. Bxg5 Qxg5 20. Ne4 Qe7 21.
Nf6+ Kh8 22. Qd2 1-0

[Event "Kurz-Open"]
[Site "Buchen"]
[Date "2017.09.10"]
[Round "4.11"]
[White "Kail, Sindy"]
[Black "Nieke, Karl-Friedrich"]
[Result "1-0"]
[WhiteElo "1883"]
[BlackElo "1695"]
[PlyCount "49"]
[EventDate "2017.??.??"]

1. e4 d5 2. exd5 Qxd5 3. Nc3 Qa5 4. Bc4 Nf6 5. d3 c6 6. Nge2 h6 7. O-O Bf5 8.
Ng3 Bg6 9. f4 e6 10. a3 Be7 11. Qe2 Bh5 12. Qe1 Bg4 13. f5 Bxf5 14. Nxf5 exf5
15. b4 Qd8 16. Rxf5 O-O 17. Kh1 Nbd7 18. Qg3 Kh8 19. Bb2 Nb6 20. Bb3 Qd4 21.
Rf4 Qd8 22. Ne4 Nbd7 23. Raf1 a5 24. Qh3 Nxe4 25. Qxh6+ 1-0

[Event "Kurz-Open"]
[Site "Buchen"]
[Date "2017.09.10"]
[Round "4.12"]
[White "Englert, Fred"]
[Black "Stierle, Martin"]
[Result "0-1"]
[WhiteElo "1786"]
[BlackElo "1866"]
[PlyCount "96"]
[EventDate "2017.??.??"]

1. c4 g6 2. g3 Bg7 3. Bg2 f5 4. Nc3 Nf6 5. Nf3 O-O 6. d4 d6 7. O-O Qe8 8. Bg5
c6 9. Re1 Qf7 10. Qd3 Nh5 11. Bd2 e5 12. Ng5 Qf6 13. dxe5 dxe5 14. Nh3 Na6 15.
Bg5 Qf7 16. b3 Nc5 17. Qd6 Ne6 18. Rac1 h6 19. Be3 f4 20. Bc5 Re8 21. Bxc6 bxc6
22. Qxc6 Bd7 23. Qg2 Nxc5 24. Nd5 Rac8 25. Red1 Qf5 26. Nhxf4 exf4 27. b4 Na4
28. c5 Bc6 29. g4 Qe4 30. f3 Qxe2 31. gxh5 Qxg2+ 32. Kxg2 g5 33. Rc2 Kf7 34. h4
Rcd8 35. Rcd2 Bxd5 36. Rxd5 Rxd5 37. Rxd5 Nc3 38. Rd6 Nxa2 39. hxg5 hxg5 40. h6
Bf6 41. b5 Nc3 42. b6 axb6 43. cxb6 Na4 44. Kh3 Nxb6 45. Rxb6 Rh8 46. Rb7+ Kg6
47. Kg4 Rxh6 48. Rb6 Rh4# 0-1

[Event "Kurz-Open"]
[Site "Buchen"]
[Date "2017.09.10"]
[Round "4.13"]
[White "Herwig, Carsten"]
[Black "Kail, Thomas"]
[Result "1-0"]
[WhiteElo "1841"]
[BlackElo "1648"]
[PlyCount "67"]
[EventDate "2017.??.??"]

1. e4 c5 2. d4 cxd4 3. c3 dxc3 4. Nxc3 g6 5. Nf3 Bg7 6. Bc4 e6 7. O-O Ne7 8.
Bf4 a6 9. Rc1 Nbc6 10. e5 b5 11. Bb3 Bb7 12. Ne4 O-O 13. Nd6 Rb8 14. Qd2 Na5
15. Bd1 Nd5 16. Bh6 Nc4 17. Nxc4 bxc4 18. Rxc4 d6 19. Rh4 g5 20. Bxg5 f6 21.
Bh6 Rf7 22. exd6 Qxd6 23. Bc2 Bxh6 24. Qxh6 Qe7 25. Rg4+ Kh8 26. Nh4 Rg8 27.
Ng6+ Rxg6 28. Bxg6 Rg7 29. Bh5 Rxg4 30. Bxg4 e5 31. Rd1 Bc6 32. Bf3 Nb4 33.
Bxc6 Nxc6 34. Rc1 1-0

[Event "Kurz-Open"]
[Site "Buchen"]
[Date "2017.09.10"]
[Round "4.14"]
[White "Herbold, Manfred"]
[Black "Ensslinger, Colin"]
[Result "1-0"]
[WhiteElo "2170"]
[BlackElo "1493"]
[PlyCount "43"]
[EventDate "2017.??.??"]

1. e4 e5 2. d4 exd4 3. Nf3 d5 4. exd5 Qxd5 5. Qxd4 Qxd4 6. Nxd4 Nf6 7. Bf4 Nd5
8. Bg3 Bc5 9. Nb5 Bb6 10. Bc4 c6 11. Nd6+ Kd7 12. Nc3 Nxc3 13. bxc3 Ke7 14.
Nxf7 Re8 15. Nd6 Rd8 16. O-O-O Kf8 17. Nxc8 Rxd1+ 18. Rxd1 g6 19. Nxb6 axb6 20.
Rd8+ Ke7 21. Bh4+ g5 22. Bxg5# 1-0

[Event "Kurz-Open"]
[Site "Buchen"]
[Date "2017.09.10"]
[Round "4.15"]
[White "Seeger, Alexandra"]
[Black "Schnell, Franz"]
[Result "0-1"]
[WhiteElo "1615"]
[BlackElo "1776"]
[PlyCount "88"]
[EventDate "2017.??.??"]

1. d4 d5 2. Bf4 Nf6 3. Nf3 Nc6 4. e3 a6 5. h3 Bf5 6. c3 e6 7. Bd3 Bxd3 8. Qxd3
Bd6 9. Nbd2 Bxf4 10. exf4 O-O 11. g4 Re8 12. Ne5 Nxe5 13. fxe5 Nd7 14. Qg3 c5
15. O-O cxd4 16. cxd4 Qb6 17. Nb3 Rac8 18. Qd3 Rc4 19. Rfd1 Rec8 20. f4 a5 21.
Qd2 a4 22. Nc1 Rc2 23. Qe3 Qxb2 24. Nd3 Qa3 25. Rdb1 Rxa2 26. Rxa2 Qxa2 27.
Rxb7 Qa1+ 28. Kg2 Rc2+ 29. Nf2 Nf8 30. Ra7 Rc4 31. f5 Qxd4 32. Qxd4 Rxd4 33. f6
h6 34. Kf3 Ng6 35. Ra8+ Kh7 36. Ra7 Nxe5+ 37. Ke3 Rc4 38. fxg7 Kxg7 39. Kd2 Kg6
40. Ke3 Kf6 41. Nd1 Rb4 42. Kd2 a3 43. Rxa3 Nc4+ 44. Kc3 Rb1 0-1

[Event "Kurz-Open"]
[Site "Buchen"]
[Date "2017.09.10"]
[Round "4.16"]
[White "Trunk, Mika"]
[Black "Gruenert, Thomas"]
[Result "0-1"]
[WhiteElo "1572"]
[BlackElo "1749"]
[PlyCount "50"]
[EventDate "2017.??.??"]

1. e4 c5 2. Nf3 e6 3. d3 Nc6 4. Bf4 d6 5. c3 Nf6 6. Nbd2 Be7 7. Be2 O-O 8. O-O
e5 9. Be3 Ng4 10. Qb3 Na5 11. Qd1 f5 12. Re1 f4 13. Bxc5 dxc5 14. h3 Nxf2 15.
Kxf2 Bh4+ 16. Nxh4 Qxh4+ 17. Kg1 Bxh3 18. gxh3 Qg3+ 19. Kh1 Qxh3+ 20. Kg1 Qg3+
21. Kf1 Qh3+ 22. Kg1 Rf6 23. Bf1 Rg6+ 24. Kf2 Qg3+ 25. Ke2 Qe3# 0-1

[Event "Kurz-Open"]
[Site "Buchen"]
[Date "2017.09.10"]
[Round "4.17"]
[White "Damrich, Alina"]
[Black "Erhardt, Kristian"]
[Result "0-1"]
[WhiteElo "1748"]
[BlackElo "1647"]
[PlyCount "114"]
[EventDate "2017.??.??"]

1. e4 e5 2. Nf3 Nc6 3. d4 exd4 4. Nxd4 Bc5 5. Be3 Qf6 6. c3 a6 7. Be2 Qg6 8.
Bf3 Nf6 9. Nxc6 Bxe3 10. Nd4 Bf4 11. g3 Be5 12. Nd2 O-O 13. Qe2 Re8 14. O-O-O
d5 15. N4b3 Nxe4 16. Nxe4 dxe4 17. Bxe4 Qf6 18. f4 Bxf4+ 19. gxf4 Qxf4+ 20. Nd2
Bf5 21. Rhf1 Qg5 22. Rg1 Qh6 23. Kb1 Bxe4+ 24. Nxe4 Qc6 25. Qg4 Qxe4+ 26. Qxe4
Rxe4 27. Rd7 Rc8 28. Rf1 f6 29. Rfd1 Re2 30. h3 Ree8 31. a3 Rf8 32. h4 h6 33.
h5 Rf7 34. Kc2 Rcf8 35. R1d3 Kh7 36. Kd2 g6 37. Ke3 gxh5 38. Kf4 Kg6 39. Rg3+
Kh7 40. Rgd3 Rxd7 41. Rxd7+ Kg6 42. Rxc7 Rf7 43. Rc4 f5 44. Rd4 h4 45. c4 h3
46. Kg3 f4+ 47. Kxh3 f3 48. Rd1 f2 49. Rf1 Rf5 50. b4 Kf6 51. b5 Ke6 52. Kg4
Rf8 53. Kh5 Rf6 54. bxa6 bxa6 55. Kg4 Kd6 56. Kg3 Kc5 57. Kg2 Kxc4 0-1

[Event "Kurz-Open"]
[Site "Buchen"]
[Date "2017.09.10"]
[Round "4.18"]
[White "Schumacher, Ralph"]
[Black "Damrich, Peter"]
[Result "1-0"]
[WhiteElo "1739"]
[BlackElo "986"]
[PlyCount "86"]
[EventDate "2017.??.??"]

1. g3 Nf6 2. Bg2 g6 3. b3 Bg7 4. Bb2 d6 5. e3 Nbd7 6. Ne2 O-O 7. O-O e5 8. d3
Re8 9. Nd2 h5 10. h3 Nf8 11. e4 N8h7 12. Kh2 h4 13. Nf3 hxg3+ 14. fxg3 Ng4+ 15.
hxg4 Bxg4 16. Bh3 Qd7 17. Bxg4 Qxg4 18. Bc1 g5 19. Kg2 Re6 20. Nh2 Qh5 21. Nc3
Qxd1 22. Rxd1 c6 23. Be3 a6 24. Nf3 g4 25. Nh4 Bh6 26. Bxh6 Rxh6 27. Nf5 Rh3
28. Rh1 Ng5 29. Raf1 Kh7 30. Nd1 Kg6 31. Nde3 Rah8 32. Nxg4 Rxh1 33. Rxh1 Rxh1
34. Kxh1 d5 35. Nxe5+ Kf6 36. Ng4+ Kg6 37. Nh4+ Kh5 38. Nf6+ Kh6 39. exd5 cxd5
40. Nxd5 Kh5 41. Nf6+ Kh6 42. Kg2 Nh7 43. Nxh7 Kxh7 1-0

[Event "Kurz-Open"]
[Site "Buchen"]
[Date "2017.09.10"]
[Round "4.19"]
[White "Lorch, Stephan"]
[Black "Simon, Manuel"]
[Result "1-0"]
[WhiteElo "1327"]
[BlackElo "1582"]
[PlyCount "61"]
[EventDate "2017.??.??"]

1. e4 e5 2. Bc4 Nf6 3. d3 Nc6 4. Nc3 Be7 5. Nge2 d6 6. a3 O-O 7. O-O Be6 8. Nd5
h6 9. c3 Qd7 10. b4 a6 11. f4 Rfe8 12. Nxe7+ Nxe7 13. Bxe6 Qxe6 14. f5 Qd7 15.
Ng3 c6 16. Nh5 Nxh5 17. Qxh5 Rf8 18. Rf3 d5 19. Rg3 Qd6 20. Bxh6 Qf6 21. Bg5
Qd6 22. Rh3 f6 23. Bh6 Rf7 24. Be3 Raf8 25. Bc5 Qd7 26. Bxe7 Qxe7 27. Rf1 Rd8
28. Rff3 Kf8 29. Qg6 Kg8 30. Rfg3 Qf8 31. Rh5 1-0

[Event "Kurz-Open"]
[Site "Buchen"]
[Date "2017.09.10"]
[Round "4.20"]
[White "Roegner, Lars"]
[Black "Elancev, Kai"]
[Result "1-0"]
[WhiteElo "1152"]
[BlackElo "1112"]
[PlyCount "83"]
[EventDate "2017.??.??"]

1. e4 e5 2. Nf3 Nc6 3. Bc4 Bc5 4. d3 Nf6 5. Bg5 d6 6. h3 O-O 7. Nc3 a6 8. Nd5
b5 9. Nxf6+ gxf6 10. Bh6 Re8 11. Bd5 Bb7 12. c3 Rb8 13. g4 Ne7 14. Bxb7 Rxb7
15. Rg1 Ng6 16. h4 b4 17. h5 Nf4 18. g5 Nh3 19. gxf6+ Nxg1 20. Nxg1 Bxf2+ 21.
Kxf2 Qxf6+ 22. Ke1 Qxh6 23. Qa4 Ra8 24. Qc6 Rba7 25. Rd1 Qxh5 26. cxb4 Rb8 27.
Qc3 c5 28. bxc5 dxc5 29. Kd2 Rab7 30. b3 Rc8 31. Qc4 Rb4 32. Qxa6 Rf8 33. Rc1
f5 34. Rxc5 fxe4 35. Qe6+ Rf7 36. Rxe5 Qg6 37. Qd5 Rb8 38. Rg5 e3+ 39. Ke2 Re8
40. Rxg6+ hxg6 41. Nf3 Kh7 42. Qxf7+ 1-0

[Event "Kurz-Open"]
[Site "Buchen"]
[Date "2017.09.10"]
[Round "4.21"]
[White "Doerr, Matthias"]
[Black "Kail, Oliver"]
[Result "0-1"]
[WhiteElo "1396"]
[BlackElo "1445"]
[PlyCount "92"]
[EventDate "2017.??.??"]

1. e4 e5 2. Bc4 Nf6 3. Nc3 c6 4. Nf3 d5 5. Bd3 Bg4 6. h3 Bh5 7. a3 d4 8. Ne2
Bxf3 9. gxf3 g6 10. c3 c5 11. Bc4 Qb6 12. d3 Bg7 13. Rb1 O-O 14. Bg5 Nbd7 15.
Qd2 Qc6 16. O-O b5 17. Ba2 a5 18. Rfc1 Qd6 19. f4 b4 20. fxe5 Nxe5 21. f4 Nf3+
22. Kf2 Nxd2 23. e5 Qc6 24. cxd4 Qf3+ 25. Ke1 Nxb1 26. Bxb1 Nd7 27. dxc5 Rac8
28. c6 Rxc6 29. axb4 Rxc1+ 30. Nxc1 axb4 31. Ba2 Nxe5 32. fxe5 Qg3+ 33. Kd2
Qxg5+ 34. Kc2 Rc8+ 35. Bc4 Qg2+ 36. Kb3 Bxe5 37. d4 Bxd4 38. Nd3 Rxc4 39. Kxc4
Bxb2 40. Nxb4 Qxh3 41. Nd3 Qf1 42. Kb3 Qxd3+ 43. Kxb2 Qc4 44. Ka1 Qb4 45. Ka2
f5 46. Ka1 f4 0-1

[Event "Kurz-Open"]
[Site "Buchen"]
[Date "2017.09.10"]
[Round "4.22"]
[White "Erhardt, Daniel"]
[Black "Kolb, Klaus"]
[Result "1/2-1/2"]
[WhiteElo "990"]
[BlackElo "1154"]
[PlyCount "32"]
[EventDate "2017.??.??"]

1. e4 e5 2. Nf3 Nc6 3. Bb5 Nf6 4. d3 Bc5 5. h3 a6 6. Bxc6 bxc6 7. Nxe5 Bb7 8.
Bg5 Bd4 9. f4 Bxb2 10. Nd2 Bxa1 11. Qxa1 Rb8 12. Ng4 O-O 13. Nxf6+ gxf6 14.
Bxf6 Qe8 15. g4 c5 16. h4 Qe6 1/2-1/2

[Event "Kurz-Open"]
[Site "Buchen"]
[Date "2017.09.10"]
[Round "5.1"]
[White "Junesch, Gerhard"]
[Black "Gschnitzer, Adrian"]
[Result "1-0"]
[WhiteElo "2289"]
[BlackElo "2351"]
[PlyCount "137"]
[EventDate "2017.??.??"]

1. Nf3 Nf6 2. c4 c5 3. Nc3 Nc6 4. d4 cxd4 5. Nxd4 e6 6. a3 Be7 7. e4 O-O 8. Nf3
Qa5 9. Bd3 d5 10. O-O Rd8 11. Qc2 dxc4 12. Bxc4 Ne5 13. Nxe5 Qxe5 14. g3 b6 15.
Qe2 Bb7 16. Bf4 Qh5 17. Qxh5 Nxh5 18. Be3 Nf6 19. f3 Rac8 20. Be2 Nd7 21. Rfd1
Bc5 22. Kf2 Bxe3+ 23. Kxe3 Bc6 24. Ba6 Rb8 25. Rd6 Nc5 26. Rxc6 Nxa6 27. b4 Kf8
28. Nb5 Rd7 29. Rac1 Rbd8 30. Rc8 Ke7 31. R1c3 Rb7 32. Rxd8 Kxd8 33. Nd6 Re7
34. Rc8+ Kd7 35. e5 f6 36. f4 Nc7 37. Rf8 Kc6 38. Nc8 Nd5+ 39. Kd4 Rd7 40. Nd6
b5 41. Rc8+ Rc7 42. Rd8 a5 43. bxa5 Ra7 44. Rc8+ Kd7 45. Rc5 Rxa5 46. Nxb5 Ra4+
47. Rc4 fxe5+ 48. fxe5 Ra5 49. Kc5 Ra6 50. a4 Nb6 51. Rd4+ Ke7 52. Kc6 Nxa4+
53. Kc7 Nc5 54. Rh4 h6 55. Nd4 Nd3 56. Nc6+ Kf7 57. Rd4 Nc5 58. Rc4 Nd3 59. Rc3
Nb2 60. Kd7 Na4 61. Rf3+ Kg6 62. Kd6 Nb2 63. Rc3 Nd1 64. Rc1 Nf2 65. Kxe6 Nd3
66. Rc3 Nb4 67. Kd6 Kf7 68. e6+ Kf6 69. e7 1-0

[Event "Kurz-Open"]
[Site "Buchen"]
[Date "2017.09.10"]
[Round "5.2"]
[White "Hacker, Jonas"]
[Black "Feldmann, Johannes"]
[Result "0-1"]
[WhiteElo "2276"]
[BlackElo "2208"]
[PlyCount "83"]
[EventDate "2017.??.??"]

1. e4 e5 2. Nf3 Nc6 3. Bb5 a6 4. Ba4 Nf6 5. O-O Nxe4 6. d4 b5 7. Bb3 d5 8. dxe5
Be6 9. Nbd2 Nc5 10. c3 Be7 11. Bc2 d4 12. cxd4 Nxd4 13. Nxd4 Qxd4 14. Nf3 Qxd1
15. Rxd1 O-O 16. Ng5 h6 17. Nxe6 Nxe6 18. g3 Bc5 19. Kg2 Rad8 20. Rb1 Rxd1 21.
Bxd1 Rd8 22. Bg4 Bb4 23. Be3 Bd2 24. Ba7 Bb4 25. a3 Bc5 26. Bxc5 Nxc5 27. Rc1
Rd5 28. b4 Nd3 29. Rd1 c6 30. Bf3 Rd7 31. Bg4 Rd5 32. e6 Kf8 33. Bf3 Nb2 34.
Rxd5 cxd5 35. Bxd5 fxe6 36. Bxe6 Ke7 37. Bb3 Kd6 38. f4 g5 39. Kf3 gxf4 40.
Kxf4 Nd3+ 41. Kf5 Ne5 42. h4 0-1

[Event "Kurz-Open"]
[Site "Buchen"]
[Date "2017.09.10"]
[Round "5.3"]
[White "Engel, Berthold"]
[Black "Rosenberger, Frank"]
[Result "1/2-1/2"]
[WhiteElo "2177"]
[BlackElo "2110"]
[PlyCount "120"]
[EventDate "2017.??.??"]

1. e4 e6 2. d3 d5 3. c3 Nf6 4. Qc2 c5 5. Bg5 Be7 6. Nf3 Nc6 7. Be2 Qc7 8. O-O
O-O 9. Nbd2 dxe4 10. dxe4 e5 11. Bxf6 Bxf6 12. Nc4 Be6 13. Ne3 Rfd8 14. Bc4
Bxc4 15. Nxc4 Rd7 16. Ne3 Ne7 17. Rfd1 Rad8 18. Rxd7 Rxd7 19. Rd1 g6 20. c4
Rxd1+ 21. Qxd1 Kg7 22. Kf1 Nc6 23. Qa4 a6 24. Nd5 Qd6 25. Qb3 Na5 26. Qd3 Nc6
27. g3 Bd8 28. Kg2 h5 29. a3 Bf6 30. Qb3 Na5 31. Qc3 Nc6 32. b4 Nd4 33. Qd3 Nc6
34. b5 axb5 35. cxb5 Nd4 36. a4 Bd8 37. Nd2 f6 38. Nc4 Qe6 39. b6 h4 40. f3 h3+
41. Kf2 Qc6 42. Qd1 Qe6 43. g4 f5 44. gxf5 Bh4+ 45. Ke3 gxf5 46. Kd3 Qg6 47.
Nde3 Bf2 48. exf5 Nxf5 49. Nxf5+ Qxf5+ 50. Ke2 Bd4 51. Qd3 Qf4 52. Qe4 Qxh2+
53. Kd3 Qg2 54. Qxb7+ Kh6 55. Qc6+ Kg5 56. Nd2 c4+ 57. Qxc4 Bxb6 58. Ne4+ Kh6
59. Qf7 Qf1+ 60. Kc2 Qe2+ 1/2-1/2

[Event "Kurz-Open"]
[Site "Buchen"]
[Date "2017.09.10"]
[Round "5.4"]
[White "Adocchio, Giampiero"]
[Black "Koelle, Tobias"]
[Result "0-1"]
[WhiteElo "2143"]
[BlackElo "1953"]
[PlyCount "62"]
[EventDate "2017.??.??"]

1. d4 d5 2. Bf4 e6 3. e3 Nf6 4. Nf3 c5 5. c3 Nc6 6. Nbd2 Be7 7. Bd3 O-O 8. h4
cxd4 9. exd4 Bd6 10. Ne5 Qc7 11. Ndf3 a6 12. Qe2 b5 13. g4 b4 14. g5 Nh5 15.
Bd2 bxc3 16. bxc3 g6 17. Ng4 e5 18. Ngxe5 Re8 19. Kf1 Bxe5 20. Nxe5 Nxe5 21.
dxe5 Rxe5 22. Qd1 Bf5 23. Be2 Rae8 24. Bxh5 Qc4+ 25. Kg1 gxh5 26. Be3 Re4 27.
Rh2 Rg4+ 28. Rg2 Rxg2+ 29. Kxg2 Qxh4 30. Qd4 Qh3+ 31. Kg1 Re4 0-1

[Event "Kurz-Open"]
[Site "Buchen"]
[Date "2017.09.10"]
[Round "5.5"]
[White "Link, Robert"]
[Black "Simon, Jonathan"]
[Result "1/2-1/2"]
[WhiteElo "1957"]
[BlackElo "1973"]
[PlyCount "39"]
[EventDate "2017.??.??"]

1. e4 g6 2. d4 Bg7 3. Nc3 d6 4. Be3 Nf6 5. f3 c6 6. Qd2 Nbd7 7. O-O-O Qc7 8.
Kb1 a6 9. g4 h5 10. g5 Nh7 11. h4 b5 12. f4 Nb6 13. b3 Bg4 14. Nce2 d5 15. e5
e6 16. Bh3 Bxh3 17. Nxh3 Bf8 18. Nf2 Ba3 19. Qa5 Be7 20. Nd3 1/2-1/2